| 000 | 01066nam a22001937a 4500 | ||
|---|---|---|---|
| 005 | 20120124095931.0 | ||
| 010 | _aB-233756 | ||
| 020 |
_c85.00 _a 9788178125466' |
||
| 035 | _aB-233756 | ||
| 037 |
_b _adpl |
||
| 082 | _a000 | ||
| 100 |
_aगुप्ता, आर. _940024 |
||
| 245 | 1 |
_aआर गुप्ता कृत पाँपुलर मास्टर गाइड भारतीय रेलवे ग्रुप "डी" भर्ती परीक्षा _cआर.गुप्ता |
|
| 260 |
_aनई दिल्ली _bरमेश पब्लिशिंग हाउस _c2009 |
||
| 270 |
_a12-एच,न्यू दरियागंज रोड,ट्रैफिक कोतवाली के सामने _bनई दिल्ली _e110002 _k23261567 |
||
| 300 |
_aवि.पृ. _c20सेमी (अजिल्द) |
||
| 942 |
_adpl _cHN _k _2ddc _h000 _mआरगु |
||
| 999 |
_c61396 _d61396 |
||